000 01086cam a2200349 4500
008 090401t1989 xxu||||| |||| 00| 0 eng d
020 _a1852711183
035 _a(Sirsi) u45930
041 _aeng
050 _a692.8
100 _aPowell-Smith, Vincent
245 _aBuilding contracts compared and tabulated
250 _a2nd ed.
260 _aLondon
_bLegal Studies and Services
_c1989
300 _a490p. ; 25cm.
350 _a44.78
650 _aACA FORM OF BUILDING AGREEMENT
650 _aASSOCIATION OF CONSULTANT ARCHITECTS
650 _aCONTRACTORS DESIGN
650 _aGC WORKS 1
650 _aGOVERNMENT CONDITIONS OF CONTRACT
650 _aJCT FIXED FEE FORM OF CONTRACT 1976
650 _aJCT INTERMEDIATE FORM OF BUILDING CONTRACT (1984 EDITION)
650 _aJCT MINOR WORKS AGREEMENT (1980 EDITION)
650 _aJCT STANDARD FORM OF CONTRACT 1980
650 _aJCT STANDARD FORM OF CONTRACT WITH CONTRACTORS DESIGN
650 _aJCT
650 _aMANAGEMENT CONTRACT
700 _aChappell, David
942 _n0
948 _c04/03/1997
999 _c91849
_d91849